Great minds of the 21st century.

Korporativní autor: American Biographical Institute
Jazyk: Angličtina
Vydáno: Raleigh, NC : American Biographical Institute, 2003-
Témata:
Fyzický popis: ^^^sv. : ill. ; 27 cm
Odebírané ročníky: 2005-
Odebírané svazky: 2-
Noviny a časopisy
Uloženo v:
LEADER 01073nas a2200325 a 4500
001 000787249
003 CZ BrMZK
005 20070423161413.0
007 ta
008 050829c20039999xr ar p 0 a0eng d
022 0 |a 1545-9225 
040 |a BOA001  |b cze 
072 7 |a 929  |x Biografie  |2 Konspekt  |9 8 
080 |a 929  |2 MRF 
080 |a (031)929  |2 MRF 
222 0 |a Great minds of the 21st century 
245 0 0 |a Great minds of the 21st century. 
246 3 |a Great minds of the twenty first century 
260 |a Raleigh, NC :  |b American Biographical Institute,  |c 2003- 
300 |a ^^^sv. :  |b ill. ;  |c 27 cm 
310 |a 1x ročně 
500 |a Popsáno podle: 2005, 2.vyd. 
541 |a dar 
650 0 7 |a osobnosti  |7 ph115615  |y 21. stol.  |2 czenas 
655 7 |a biografické slovníky  |7 fd131906  |2 czenas 
710 2 |a American Biographical Institute  |7 mzk2007378441 
910 |a BOA001  |b 3-1153.361  |r 2005-  |s 2- 
990 |a SE 
991 |b 200509  |c NOV 
996 6 |b 2610257125  |c 3-1153.361  |d 2005 2  |v 2  |y 2005  |l MZK  |r Sklad / do 1 hodiny  |n 1  |p dar  |w 000787249  |u 000010  |a 1  |e BOA001  |j MZK50  |s P